Datum a čas kvízu
25
Celkem bodů
Celkový počet nahraných bodů na tomto kvízu bez doplňovacích otázek.
11.
Pořadí na kvízu
Konečné umístění týmu na tomto kvízu.
Zaznamenané odpovědi
| # | Otázka | Odpověď | Body | Výsledky |
|---|---|---|---|---|
| 1. | Památkou roku 2024 se stala op... | České Budějovice | 0 | |
| 2. | Školský obvod nedaleko Houston... | má odhalené ňadro | 1 | |
| 3. | Ve čtvrtek se odehrálo slavnos... | Letnice | 0 | |
| 4. | Sněmovna minulý týden ve třetí... | mařiče energií (elektřiny) | 0 | |
| 5. | Dvojnásobný olympijský šampion... | bronzovou | 1 | |
| 6. | Opuštěné budovy mají pro řadu... | B) urbex | 1 | |
| 7. | Mezi nejslavnější opuštěná měs... | 1986 | 0 | |
| 8. | V Kolmanskopu v jihozápadní Af... | Namib/Namibská poušť | 0 | |
| 9. | Velmi smutný osud potkal celou... | Sarajevo, 1984 | 0 | |
| 10. | Toto opuštěné městečko, působí... | v Turecku | 0 |